Portuguese football players by picture - Statistics

General Stats
  • This quiz has been taken 84 times
  • The average score is 11 of 15
Answer Stats
Picture Answer % Correct
Cristiano Ronaldo
99%
Luis Figo
98%
Pepe
96%
Bernardo Silva
94%
Eusébio
94%
Ricardo Quaresma
83%
Rui Patricio
83%
Éder
76%
João Moutinho
74%
Deco
73%
Rui Costa
65%
Ricardo Carvalho
64%
Vitor Baía
34%
Paulo Futre
20%
Mario Coluna
9%
No matching quizzes found
Score Distribution
Percent of People with Each Score
Percentile by Number Answered
Your Score History
You have not taken this quiz